| 000 | 00448nam a22001577a 4500 | ||
|---|---|---|---|
| 003 | MACL | ||
| 005 | 20240929154206.0 | ||
| 008 | 240929b |||||||| |||| 00| 0 eng d | ||
| 040 | _cMACL | ||
| 082 | _a350/ | ||
| 100 |
_aसंजय , जैन _982490 |
||
| 245 | _aलोक प्रशासन एक अवलोकन | ||
| 260 |
_aभोपाल _bअरुणोदय _c2011 |
||
| 650 | _aPUBLIC ADMINISTRATION | ||
| 942 |
_2ddc _cHIN |
||
| 999 |
_c67005 _d67005 |
||